| 000 | 00675nam a2200229Ia 4500 | ||
|---|---|---|---|
| 008 | 160803s9999 xx 000 0 und d | ||
| 020 | _a9780439491457 | ||
| 100 | _aPenner, Lucille Recht | ||
| 245 | 4 | _aThe Statue of Liberty / | |
| 245 | _cby Lucille Recht Penner ; illustrated by Jada Rowland. | ||
| 260 | _aNew York : | ||
| 260 | _bScholastic Inc. | ||
| 260 | _c1995 | ||
| 300 | _a32 pages : | ||
| 300 | _billustrations, color ; | ||
| 300 | _c23 cm | ||
| 650 | _aNew York (N.Y.) -- Buildings, structures, etc. -- | ||
| 650 | _aStatue of Liberty (New York, N.Y.) -- | ||
| 650 | _xJuvenile literature. | ||
| 650 | _xJuvenile literature. | ||
| 700 | _a250 | ||
| 999 |
_c298891 _d298891 |
||